000 005910000a22001810004500
001 8478
041 0 _aENG
082 0 4 _aG 278 R991s
100 1 _aRycroft, W. Stanley
245 1 0 _aSobre éste fundamento : Realizaciones y oportunidades de la obra evangélica en la América Latina / W. Stanley Rycroft ; Adam F. Sosa, Traductor
260 _aBuenos Aires, Argentina : La Aurora
300 _a223 Pag
500 _aTítulo original : On this foundation
942 _cBK
999 _c38623
_d38623
336 _atexto
_btxt
_2rdacontent
337 _2rdamedia
_asin mediación
_bn
338 _2rdacarrier
_avolumen
_bnc